Statistics for The Lord of the Rings and The Hobbit Characters and Actors

Click here to take the quiz!

General Stats

  • This quiz has been taken 185 times
  • The average score is 21 of 54

Answer Stats

CharacterActor% Correct
LegolasOrlando Bloom
96%
Frodo BagginsElijah Wood
95%
GandalfSir Ian McKellen
94%
BoromirSean Bean
92%
AragornViggo Mortensen
90%
GaladrielCate Blanchett
84%
Samwise GamgeeSean Astin
83%
SarumanChristopher Lee
80%
ArwenLiv Tyler
80%
GollumAndy Serkis
78%
Lord ElrondHugo Weaving
78%
Bilbo BagginsIan Holm
76%
GimliJohn Rhys-Davies
73%
Peregrin TookBilly Boyd
71%
Young Bilbo BagginsMartin Freeman
71%
Meriadoc BrandybuckDominic Monaghan
69%
Thorin OakenshieldRichard Armitage
61%
EowynMiranda Otto
58%
ThranduilLee Pace
56%
EomerKarl Urban
52%
BardLuke Evans
50%
FaramirDavid Wenham
48%
DenathorJohn Noble
38%
KiliAidan Turner
37%
TheodenBernard Hill
35%
Master of LaketownStephen Fry
29%
RadagastSylvester McCoy
29%
Grima WormtongueBrad Dourif
28%
FiliDean O'Gorman
27%
DwalinGraham McTavish
25%
BofurJames Nesbitt
25%
BalinKen Stott
24%
OriAdam Brown
18%
BomburStephen Hunter
18%
NoriJed Brophy
16%
AzogManu Bennett
16%
CelebornMarton Csokas
16%
SauronSala Baker
14%
DoriMark Hadlow
12%
Rosie CottonSarah McLeod
12%
The Great GoblinBarry Humphries
11%
OinJohn Callen
11%
BeornMikael Persbrandt
10%
BifurWilliam Kircher
10%
GloinPeter Hambleton
9%
TomWilliam Kircher
7%
BertMark Hadlow
6%
BolgConan Stevens
5%
WilliamPeter Hambleton
5%
GamlingBruce Hopkins
4%
IsildurHarry Sinclair
4%
DeagolThomas Robins
4%
ThrorJeffrey Thomas
3%
ThrainMichael Mizrahi
3%

Score Distribution

Percentile by Number Answered

Percent of People with Each Score

Your Score History

You have not taken this quiz